000 00699nam a22002177a 4500
003 OSt
005 20251106010639.0
008 251106b |||||||| |||| 00| 0 eng d
020 _a 978-1-4051-6356-9
040 _aDWCL-Admin lib
_cOC
082 _aCirc. 616.804231 N494 2011
100 _aMestecky, Anne-Marie
245 _aNeuroscience nursing : evidence-based practice /
_cAnne-Marie Mestecky
260 _aUK :
_bBlackwell Pub. Ltd.,
_cc2011
300 _axix, 659 p. : ill. ;
_c25 cm.
504 _aIncludes bibliographical references & index.
650 _a1. Evidence-based nursing
650 _a2. Neurological Nursing
700 _aWoodwarf, Sue
942 _2ddc
_cBK-CIRC
_kCirc.
_n0
999 _c5519
_d5519